header

History of the Liverpool privateers and letters of marque (Record no. 190781)

MARC details
000 -LEADER
fixed length control field 01271nam a2200313Ia 4500
100 1# - MAIN ENTRY--AUTHOR NAME
Personal name Williams, Gomer.
245 10 - TITLE STATEMENT
Title History of the Liverpool privateers and letters of marque
260 ## - PUBLICATION, DISTRIBUTION, ETC. (IMPRINT)
Place of publication Montreal :
Name of publisher McGill-Queen's University Press,
Year of publication 2004.
300 ## - PHYSICAL DESCRIPTION
Number of Pages xxvi, 718 p. :
Other physical details ill.
490 1# - SERIES STATEMENT
Series statement Reprints of economic classics
500 ## - GENERAL NOTE
General note Reprint of the first ed., 1897.
650 #0 - SUBJECT ADDED ENTRY--TOPICAL TERM
Topical Term Privateering.
Topical Term Slave trade
856 40 - ELECTRONIC LOCATION AND ACCESS
Uniform Resource Identifier http://site.ebrary.com/lib/rucke/Doc?id=10147034

No items available.

© 2026 Rongo University
Contact us: librarian | system librarian | Rongo university